1840 1956 1302 1698 1220 1096 1822 1920 1478 1912 1238 1367 1229 1139 1878 1357 1207 1975 1867 1114 1012 1534 1002 1449 1859 1132 1660 1193 1315 1573 1645 1910 1244 1361 1557 1197 1687 1403 1185 1169 1213 1140 1802 1763 1668 1308 1266 1164 1101 1621 1002 1227 1551 1378 1483 1780 1850 1570 1254 1768 1668 1235 1293 1444 1926 1052 1884 1618 1912 1170 1544 1091 1872 1044 1993 1048 1888 1595 1683 1576 1104 1536 1909 1423 1149 1214 1545 1087 1966 1542 1945 1620 1873 1013 1254 1163 1217 1348 1853 BCNSPRNW ULIB Ver.6.0+V

เปลี่ยนเป็นภาษาไทย

Change to English
 แสดงรายละเอียดบรรณานุกรม
  กลับหน้าหลัก

Brief Record : Get Marc (ISO 2709) : E-mail record : QR code < ปิดหน้าต่าง
LEADER : 00000nam 2200000uu 4500
001    13399127107
003     ULIB
008    191010s2562||||th 000 0 tha d
020    ^a9786160443796
060    ^aWS103^bM-ผ
100    ^aMINHAE
245    ^aผมไม่อยากเป็นหมาป่าแล้ว ชุดนิทานวิทยาศาสตร์พั ัฒนาทักษะสมอง EF (เรียนรู้การอยู่เป็นสังคมของสัตว์)
250    ^aพิมพ์ครั้งที่ 1
260    ^aกรุงเทพฯ :^bนานมีบุ๊คส์คิดดี้,^c2562
300    ^a28 หน้า;^b21 ซม.
650    ^aเด็ก^xการเรียนการสอน
945    ^p98^l0^i006295
999    ^aประนอม เกษจรัล
รายการนี้ยังไม่มีแท็ก
คุณยังไม่ได้ล็อกอิน คุณสามารถมีกิจกรรมร่วมกับเว็บไซต์ได้ แต่ต้องล็อกอินก่อน ::
  ล็อกอิน

รายการสื่อสารสนเทศ

ลำดับที่ ประเภท เลขเรียก/บาร์โค้ด สถานที่ สถานะ
1. วิทยาศาสตร์การแพทย์ และสุขภาพ
วิทยาศาสตร์การแพทย์ และสุขภาพ
WS103 M-ผ ฉ.1 
  Barcode: 006295
ห้องสมุดวิทยาเขตสวรรค์ประชารักษ์
►หนังสือทั่วไป
บนชั้น

รายการใกล้เคียง
    ผู้แต่ง [MINHAE]

BibComment


ยังไม่เคยถูกคอมเมนท์

คอมเมนท์ทรัพยากรรายการนี้
  คอมเมนท์: ผมไม่อยากเป็นหมา..


 Copyright 2026. Bcnsprnw @Library